| 000 | 00437cam a2200181ua 4500 | ||
|---|---|---|---|
| 020 | _c12.00 | ||
| 041 |
_ahin _h |
||
| 082 |
_a891.54 _bGAN/HI |
||
| 100 | _aGaneshan, S N . | ||
| 245 |
_aHindi upanyas sahithya ka adhyayan / _cS N Ganeshan. _hTextual Documents |
||
| 250 |
_a1 / _b. |
||
| 260 |
_a : _bRajpal and Sanch , _c1962. |
||
| 300 | _a461 ; . | ||
| 365 | _a12.00 | ||
| 504 | _a | ||
| 942 | _cBK | ||
| 999 |
_c8400 _d8400 |
||